Reflexions en femení
Descripción Física:
22 v. ; periodicitat: bimestral amb irregularitats ; 23 cm
MARC
| LEADER | 00000nas a2200000 a 4500 | ||
|---|---|---|---|
| 001 | 15028, 15029, 15030, 15031, 15032, 15033, 15034, 15035, 15036, 15179, 15180, 15181, 15443, 28164, 28165 | ||
| 003 | AGDB | ||
| 005 | 20260324181511.0 | ||
| 008 | 160829s9999 xx 000 0 cat d | ||
| 017 | |a B 48901-1999 |a B 46141-2000 |a B 13688-2005 |a B 41012-2005 |a B 4166-2006 |a B 28318-2006 |a B 44327-2006 |a B 26711-2007 |a B 41710-2007 |a B 19767-2010 |a B 22245-2010 |a B 6284-2011 |a B 06421-2011 |a B13363-2011 |a B 3618-2012 | ||
| 040 | |a agdb |b cat | ||
| 080 | |a Revistes | ||
| 245 | |a Reflexions en femení | ||
| 260 | |a Barcelona : |b Diputació de Barcelona : |c 1999- | ||
| 300 | |a 22 v. ; |b periodicitat: bimestral amb irregularitats ; |c 23 cm | ||
| 310 | |a Bimestral | ||
| 362 | |a Núm. 1 (nov. 1999)- | ||
| 500 | |a Números monogràfics. | ||
| 501 | |a Conté: v. 1: La violència domèstica: de l'àmbit privat al públic (R. 15028); v. 2: De les dones a la llengua (R. 15029); v. 3: Les dones i les filosofies (R. 15030); v. 4: La salut de les dones: de la invisibilitat a una atenció de qualitat (R. 15031); v. 5: Gènere i medi ambient (R. 15032); v. 6: Joves i sexisme (R. 15033); v. 7: Contra la violència de gènere: informa-te'n més i millor (R. 15034); v. 8: Serveis socials i perspectiva de gènere (R. 15035); v. 9: Dona i fet migratori (R. 15036); v. 10: Coordinació entre els sitemes de benestar i salut: un repte per a una tenció de qualitat (R. 15179); v. 11: Gènere i eduació (R. 15180); v. 12: Dona i globalització (R. 15181); v. 13: El benestar psicosocial de les dones: un repte per a una atenció de qualitat (R. 15443); v. 14: Dones, associacionisme i participació; v. 15: La intervenció en violència de gènere des de l'Administració local; v. 16: Les dones i el món del treball; v. 17: Dones, salut, participació i compromís; v. 18: Dones i discapacitat; v. 19: La promoció de la salut des d'una perspectiva de gènere; v. 20: Les dones a la política; v. 21: Dones i urbanisme; v. 22: El malestar i el dolor de les dones; v. 23: Dones i Tecnologies de la Informació i la Comunicació; v. 24: L'autonomia de les dones joves; v. 25: Immigració, diversitat i gènere; v. 26: Temps i treball; 27: Cos i identitat de gènere; 28: Gènere, seguretat i disseny urbà; 29: Dones i esport; 30: Ciutats coeducadores; 31: Polítiques d'igualtat de gènere i masculinitats; 32: Desenvolupament econòmic amb visió de gènere | ||
| 504 | |a Bibliografia. | ||
| 508 | |a A partir del núm. 20 (març 2005) edita Centre Francesca Bonnemaison i Servei de Promoció de Polítiques d'Igualtat Home-Dona. | ||
| 650 | |a Feminisme |x Revistes |9 48860 | ||
| 650 | |a Drets de les dones |x Revistes |9 48861 | ||
| 655 | 0 | |9 55823 |a Revistes | |
| 710 | 1 | |a Barcelona (Catalunya : Província). |b Oficina Tècnica del Pla d'Igualtat |9 54965 | |
| 710 | 1 | |a Barcelona (Catalunya : Província). |b Centre Francesca Bonnemaison |9 55933 | |
| 710 | 1 | |a Barcelona (Catalunya : Província). |b Oficina de Promoció de Polítiques d'Igualtat Dona-Home |9 54960 | |
| 866 | |a 2000 (1-7) | ||
| 866 | |a 2001 (8-11) | ||
| 866 | |a 2002 (12-13) | ||
| 866 | |a 2003 (14-16) | ||
| 866 | |a 2004 (17-19) | ||
| 866 | |a 2005 (20-21) | ||
| 866 | |a 2006 (22-24) | ||
| 866 | |a 2007 (25-26) | ||
| 866 | |a 2010 (27-28) | ||
| 866 | |a 2011 (29-31) | ||
| 866 | |a 2012 (32) | ||
| 901 | |a Arxiu | ||
| 942 | |n 1 |2 udc |c REV | ||
| 952 | |0 0 |1 0 |2 udc |4 0 |6 REV2275 |7 1 |9 54906 |a Arxiu |b Arxiu |d 2016-12-01 |h Núm. 01 (novembre 1999) - Núm. 07 (novembre 2000) |o Rev-2275 |p 15028 |r 2016-12-01 00:00:00 |w 2016-12-01 |y ARXIU |z Altres núm. registre: 15029, 15030, 15031, 15032, 15033, 15034 | ||
| 952 | |0 0 |1 0 |2 udc |4 0 |7 1 |9 96097 |a Arxiu |b Arxiu |d 2023-08-08 |h Núm. 08 (gener 2001) - Núm. 19 (novembre 2004) |o Rev-2276 |p 15035 |r 2023-08-08 00:00:00 |w 2023-08-08 |y ARXIU |z Altres núm. registre: 15036, 15179, 15180, 15181 | ||
| 952 | |0 0 |1 0 |2 udc |4 0 |6 REV2277 |7 1 |9 96098 |a Arxiu |b Arxiu |d 2023-08-08 |h Núm. 20 (març 2005) - Núm. 26 (octubre 2007) |l 0 |o Rev-2277 |p 28164 |r 2023-08-08 00:00:00 |w 2023-08-08 |y ARXIU | ||
| 952 | |0 0 |1 0 |2 udc |4 0 |6 REV2278 |7 1 |9 96099 |a Arxiu |b Arxiu |d 2023-08-08 |h Núm. 27 (2010) - Núm. 32 (2012) |l 0 |o Rev-2278 |p 28165 |r 2023-08-08 00:00:00 |w 2023-08-08 |y ARXIU | ||
| 999 | |c 58776 |d 58776 | ||